League of Ireland Champions - Statistics

General Stats
  • This quiz has been taken 8 times
  • The average score is 59 of 105
Answer Stats
Season Champion % Correct
1949-50 | 1950-51 Cork Athletic
80%
1973-74 Cork Celtic
80%
1992-93 | 2005 | 2017 Cork City
80%
1970-71 Cork Hibernians
80%
1940-41 | 1941-42 | 1942-43 | +2 others Cork United
80%
1922-23 | 1924-25 | 1926-27 | +19 others Shamrock Rovers
80%
1923-24 | 1927-28 | 1929-30 | +8 others Bohemians
60%
1988-89 | 1996-97 Derry City
60%
1959-60 Limerick
60%
1979-80 Limerick United
60%
1989-90 | 1995-96 | 1997-98 | +2 others St Patrick’s Athletic
60%
1951-52 | 1954-55 | 1955-56 St. Patrick’s Athletic
60%
1965-66 | 1967-68 | 1968-69 | +3 others Waterford
60%
1980-81 | 1982-83 Athlone Town
40%
1932-33 | 1962-63 | 1966-67 | +11 others Dundalk
40%
1925-26 | 1928-29 | 1930-31 | +11 others Shelbourne
40%
1936-37 | 1976-77 | 2012 Sligo Rovers
40%
1934-35 Dolphin
20%
2007 Drogheda United
20%
1921-22 | 1939-40 St. James’s Gate
20%
1947-48 | 1948-49 | 1957-58 | +2 others Drumcondra
0%
No matching quizzes found
Score Distribution
Percent of People with Each Score
Percentile by Number Answered
Your Score History
You have not taken this quiz